4 Movies, 1 Thing in Common VI Quiz Stats

 Plays Quiz Updated Jul 19, 2016

Challenge
Share
Tweet
Embed
Score 0/16 Timer 04:00
7 Plays Today
% Correct
Features hot air balloons
83.5%
Characters travel to Mexico
80%
Brad Pitt
76%
African American US President
75.2%
Prisoner of war
74.2%
Characters falsely accused of murder
73.7%
Evil books or diaries
71.8%
Bank robberies
70.8%
% Correct
Set in the state of Texas
68.7%
Government conspiracies
66.8%
Use non-linear chronology
63.3%
Unfold in a single night
61.9%
Have dream sequences
61.7%
Journalist protagonist
59.6%
Rachel Weisz
57.4%
Based on works by Philip K. Dick
45.2%

You're not logged in!

Compare scores with friends on all Sporcle quizzes.
Join for Free
OR
Log In

You Might Also Like...

Show Comments

Extras

Top Quizzes Today


Score Distribution

Your Account Isn't Verified!

In order to create a playlist on Sporcle, you need to verify the email address you used during registration. Go to your Sporcle Settings to finish the process.

Report this User

Report this user for behavior that violates our Community Guidelines.

Details: